มุมมองปกติ
มุมมองแบบ MARC
- Schwarzenbach, Sibyl A.
รายการ Personal Name
001 - CONTROL NUMBER
- control field: 44357
003 - CONTROL NUMBER IDENTIFIER
- control field: NALT
005 - DATE AND TIME OF LATEST TRANSACTION
- control field: 20220420105503.0
008 - FIXED-LENGTH DATA ELEMENTS
- fixed length control field: 200416|| aca||aabn | a|a d
040 ## - CATALOGING SOURCE
- Original cataloging agency: NALT
100 1# - HEADING--PERSONAL NAME
- Personal name: Schwarzenbach, Sibyl A.
